2023 Sweet Sixteen Teams - Statistics

General Stats
  • This quiz has been taken 22 times
  • The average score is 11 of 16
Answer Stats
Team % Correct
9 Florida Atlantic
84%
1 Houston
84%
5 Miami (FL)
84%
15 Princeton
84%
2 Texas
84%
1 Alabama
79%
4 Connecticut
74%
3 Kansas St.
74%
7 Michigan St.
74%
6 Creighton
68%
2 UCLA
68%
5 San Diego St.
63%
8 Arkansas
58%
3 Gonzaga
58%
4 Tennessee
58%
3 Xavier
37%
No matching quizzes found
Score Distribution
Percent of People with Each Score
Percentile by Number Answered
Your Score History
You have not taken this quiz